Catholic University of Zimbabwe Library
Online Public Access Catalogue
(OPAC)

Mister Johnson (Record no. 9088)

MARC details
000 -LEADER
fixed length control field 00363 a2200133 4500
020 ## - INTERNATIONAL STANDARD BOOK NUMBER
International Standard Book Number 0811210308 (alk. pap
005 - DATE AND TIME OF LATEST TRANSACTION
control field 20191017172601.0
084 ## - OTHER CLASSIFICATION NUMBER
Classification number PR6005.A77 M5 1989
245 ## - TITLE STATEMENT
Title Mister Johnson
Medium print
260 ## - PUBLICATION, DISTRIBUTION, ETC.
Place of publication, distribution, etc. nyu
Name of publisher, distributor, etc. New Directions
Date of publication, distribution, etc. 1989, c1939
300 ## - PHYSICAL DESCRIPTION
Extent 227 p.
Other physical details 21 cm.
Dimensions 227 p. ; 21 cm.
490 ## - SERIES STATEMENT
Series statement A Revived modern classic
500 ## - GENERAL NOTE
General note Joyce Cary.
700 ## - ADDED ENTRY--PERSONAL NAME
Personal name Cary, Joyce

No items available.

OPENING HOURS

Weekdays: 0815hrs - 1800hrs
Weekends:0900hrs - 1200hrs

Closed for Mass:

Mon, Thur: 1200hrs - 1300hrs
Sunday & Public Holiday’s

CALL SUPPORT

0242-570570, 0242-570169
09200664, +263 8644140602

LOCATION

18443, Cranborne Avenue, Hatfield, Harare

Other Links


©2021 | CUZ Library